Europäische Geschichte nach Buchstabe - F - Statistiken

Allgemein
  • Dieses Quiz wurde 64 mal gespielt
  • Das Durchschnittsergebnis liegt bei 15 aus 20
Antwortstatistiken
Hinweis Antwort % Korrekt
Diese Stadt, Heimat von Michelangelo und Macchiavelli, gilt aus Heimat der Renaissance Florenz
100%
Dieses Land führte im Winterkrieg 1939-1940 einen Verteidigungskrieg gegen die Sowjetunion Finnland
96%
1848 traf sich in dieser Stadt das erste demokratische Parlament Deutschlands Frankfurt am Main
96%
Bedeutender Preußen-König, der den Siebenjährigen Krieg führt und die Kartoffel in Preußen fördert Friedrich der Große
91%
Politische Ideologie, welche in den 1920ern in Italien an die Macht kommt und ab 1933 in Deutschland Faschismus
89%
Zwei Ereignisse in Prag, das erste zu Beginn der Hussitenkriege, das zweite löste den Dreißigjährigen Krieg aus Fenstersturz
89%
Dieser Wiener gilt als Begründer der Psychoanalyse Siegmund Freud
89%
Dieser Augsburger Unternehmerfamilie war in der Renaissance die reichste Familie Europas Fugger
82%
Dieses Ereignis 2007 bis 2009 führte zu Problemen im Bankwesen und einer Schuldenkrise in Griechenland Finanzkrise
78%
Anhänger dieser Ideologie und nach dem Spanischen Bürgerkrieg 1936-1939 Diktator Spaniens Francisco Franco
76%
Dieser Mönchsorden wurde 1210 von Papst Innozenz III anerkannt und zählt zu den Bettelorden Franziskaner
75%
Bei diesem Ereignis wurde 1789 in Paris die Bastille gestürmt Französische Revolution
71%
Kaiser Österreichs und König Ungarns von 1848-1916, Ehemann von Sisi Franz Joseph
67%
König von Aragon, der zusammen mit seiner Frau Isabella von Kastilien Spanien vereinigte und die Entdeckungsreise von Kolumbus finanzierte Ferdinand von Aragon
65%
Politisches System des Mittelalters bestehend aus der Vergabe von Lehen im Austausch mit persönlichen Dienstverpflichtungen Feudalismus
62%
Jugendorganisation der DDR mit blauen Hemden FDJ
60%
Soziale Bewegung, die sich in Westeuropa Anfang der 80er-Jahre gegen den NATO-Doppelbeschluss und die Atomare Bewaffnung formierte Friedensbewegung
53%
Staat, welcher unter Karl dem Großen im 9. Jahrhundert weite Teile Westeuropas kontrolliert Frankenreich
51%
Drahtzieher des Gunpowder-Plots, bei dem der Englische König Jakob I im Parlament ermordet werden sollte Guy Fawkes
40%
Christliche Laienbewegung des Mittelalters, welche sich selbst auspeitschten Flagellanten
22%
Keine übereinstimmenden Quizze gefunden
Verteilung der Resultate
Anzahl Personen mit jedem Resultat
Perzentil nach korrekt beantworteten Fragen
Ihre Resultats-Entwicklung
Sie haben dieses Quiz noch nicht gespielt